MARC

LEADER 00000nam0a2200000 4500
001 303888
005 20231102001640.0
035 |a (RuTPU)RU\TPU\book\329123 
090 |a 303888 
100 |a 20150907d1967 m y0rusy50 ca 
101 0 |a rus 
102 |a RU 
105 |a a j 000zy 
200 1 |a Вопросы по общему курсу электропривода  |f Н. Ф. Ильинский, В. М. Терехов  |g под ред. М. Г. Чиликина 
210 |a Москва  |c Энергия  |d 1967 
215 |a 63 с.  |c черт. 
606 1 |a Электроприводы  |2 stltpush  |3 (RuTPU)RU\TPU\subj\20689  |9 45775 
610 1 |a программированное обучение 
610 1 |a самостоятельная работа 
610 1 |a вопросы 
610 1 |a ответы 
675 |a 62-83(07)  |v 4 
700 1 |a Ильинский  |b Н. Ф.  |g Николай Федотович 
701 1 |a Терехов  |b В. М.  |g Владимир Михайлович 
702 1 |a Чиликин  |b М. Г.  |4 340 
801 1 |a RU  |b 63413507  |c 20150907 
801 2 |a RU  |b 63413507  |c 20151224  |g RCR 
942 |c BK